| 000 | 01034nam a22001817a 4500 | ||
|---|---|---|---|
| 005 | 20241001143307.0 | ||
| 008 | 230712b ||||| |||| 00| 0 eng d | ||
| 040 |
_cSSBUL _dSSBUL |
||
| 082 |
_223 _a၀၆၀.၉၅၉၁ အ _b၁၆၀၈၉ (S-SAT) |
||
| 245 | _aအမျိုးသားညီလာခံကျင်းပရေး ညှိနှိုင်းဆွေးနွေးပွဲ = Co-Ordination Meeting For Convening of National Convention / | ||
| 260 |
_aရန်ကုန်၊ _bကြေးမုံသတင်းစာ၊ _c၁၉၉၂။ |
||
| 300 |
_a၂၁၇ စာမျက်နှာ၊ _c၂၃ စင်တီ။ |
||
| 500 | _aမြန်မာ-အင်္ဂလိပ် နှစ်ဘာသာပါဝင်သည်။ | ||
| 500 | _aS-SAT: Dr Sai Aung Tun Collection | ||
| 650 |
_aညီလာခံ _zမြန်မာနိုင်ငံ။ _927845 |
||
| 650 |
_aအမျိုးသားညီလာခံ _zမြန်မာနိုင်ငံ။ _927837 |
||
| 942 |
_2ddc _cBK1 |
||
| 999 |
_c27099 _d27099 |
||